[Event "Moscow op-E"]
[Site "Moscow"]
[Date "2011.02.03"]
[Round "6.84"]
[White "Akunka, Dmitry"]
[Black "Samojlov, Anton"]
[Result "1/2-1/2"]
[WhiteElo "2114"]
[BlackElo "2366"]
[PlyCount "99"]
[EventDate "2011.01.29"]
[EventType "swiss"]
[EventRounds "9"]
[EventCountry "RUS"]
[SourceTitle "EXT 2022"]
[Source "ChessBase"]
[SourceDate "2021.10.06"]
[SourceVersion "1"]
[SourceVersionDate "2021.10.06"]
[SourceQuality "1"]

1. e4 c5 2. Nf3 e6 3. d4 cxd4 4. Nxd4 Nf6 5. Bd3 Nc6 6. Nb3 Be7 7. 0-0 Ne5 8. f4 Nxd3 9. cxd3 0-0 10. Nc3 d6 11. Be3 a6 12. a4 b6 13. Nd2 d5 14. e5 Nd7 15. d4 f5 16. exf6 Nxf6 17. h3 Bd7 18. Nf3 b5 19. axb5 axb5 20. Rxa8 Qxa8 21. Ne5 b4 22. Nxd7 Nxd7 23. Na4 Qc6 24. b3 Rc8 25. Qf3 Nf6 26. Rc1 Qb7 27. Rxc8+ Qxc8 28. Qd1 Ne4 29. Qc1 Qa6 30. Qf1 Qc6 31. Qc1 Nc3 32. Kh2 Bd6 33. g3 Qc7 34. Nc5 Bxc5 35. dxc5 Qa5 36. Qc2 Qb5 37. Bd4 g6 38. Qd2 Ne4 39. Qc2 Nc3 40. Qb2 Kf7 41. Bxc3 bxc3 42. Qxc3 Qe2+ 43. Kg1 Qd1+ 44. Kf2 d4 45. Qa5 Qc2+ 46. Kg1 Qc1+ 47. Kf2 Qc2+ 48. Kg1 Qc1+ 49. Kf2 Qc2+ 50. Kg1 1/2-1/2

[Event "Moscow op-E"]
[Site "Moscow"]
[Date "2011.02.01"]
[Round "4.82"]
[White "Akunka, Dmitry"]
[Black "Przybylski, Wojciech"]
[Result "0-1"]
[WhiteElo "2114"]
[BlackElo "2344"]
[PlyCount "66"]
[EventDate "2011.01.29"]
[EventType "swiss"]
[EventRounds "9"]
[EventCountry "RUS"]
[SourceTitle "EXT 2022"]
[Source "ChessBase"]
[SourceDate "2021.10.06"]
[SourceVersion "1"]
[SourceVersionDate "2021.10.06"]
[SourceQuality "1"]

1. d4 d5 2. Nf3 Nf6 3. Bf4 c6 4. e3 e6 5. Bd3 Be7 6. h3 Nbd7 7. Nbd2 h6 8. c3 c5 9. 0-0 b6 10. Ne5 Nxe5 11. dxe5 Nd7 12. Qh5 Bb7 13. Rad1 c4 14. Bc2 Qc7 15. Nf3 Nc5 16. Nd4 Ba6 17. Bh2 Bf8 18. Rfe1 g6 19. Qh4 Bg7 20. f4 Qe7 21. Qg3 Rg8 22. b4 cxb3 23. axb3 Bb7 24. b4 Ne4 25. Bxe4 dxe4 26. Qf2 a6 27. g4 Kf8 28. Kh1 Bd5 29. Ra1 Qc7 30. c4 Qxc4 31. Rec1 Qxb4 32. Rc7 Qxd4 33. Qc2 Qxa1+ 0-1

[Event "Moscow op-E"]
[Site "Moscow"]
[Date "2011.01.31"]
[Round "3.179"]
[White "Matyushin, Lev"]
[Black "Akunka, Dmitry"]
[Result "0-1"]
[WhiteElo "1803"]
[BlackElo "2114"]
[PlyCount "68"]
[EventDate "2011.01.29"]
[EventType "swiss"]
[EventRounds "9"]
[EventCountry "RUS"]
[SourceTitle "EXT 2022"]
[Source "ChessBase"]
[SourceDate "2021.10.06"]
[SourceVersion "1"]
[SourceVersionDate "2021.10.06"]
[SourceQuality "1"]

1. e4 c5 2. f4 d5 3. exd5 Qxd5 4. Nc3 Qd6 5. d3 Nf6 6. Be2 Nc6 7. Nb5 Qb8 8. Nf3 e6 9. 0-0 Be7 10. c4 0-0 11. Qe1 Rd8 12. h3 Nb4 13. Qc3 Nh5 14. a3 Ng3 15. Qd2 Nxe2+ 16. Qxe2 Nxd3 17. Ng5 h6 18. Ne4 Nxc1 19. Raxc1 a6 20. Nbc3 b6 21. Rcd1 Bb7 22. Rxd8+ Qxd8 23. Rd1 Qc7 24. g3 Qc6 25. Kh2 f5 26. Nd6 Bxd6 27. Qxe6+ Kh8 28. Qd5 Qxd5 29. Nxd5 Bxd5 30. Rxd5 Be7 31. Rd7 Bf6 32. b3 Rd8 33. Rd5 Rxd5 34. cxd5 Kg8 0-1

[Event "Moscow op-E"]
[Site "Moscow"]
[Date "2011.01.29"]
[Round "1.246"]
[White "Gurvich, Oleg"]
[Black "Akunka, Dmitry"]
[Result "0-1"]
[WhiteElo "1770"]
[BlackElo "2114"]
[PlyCount "46"]
[EventDate "2011.01.29"]
[EventType "swiss"]
[EventRounds "9"]
[EventCountry "RUS"]
[SourceTitle "EXT 2022"]
[Source "ChessBase"]
[SourceDate "2021.10.06"]
[SourceVersion "1"]
[SourceVersionDate "2021.10.06"]
[SourceQuality "1"]

1. d4 Nf6 2. c4 e6 3. Nc3 Bb4 4. Bg5 c5 5. Nf3 cxd4 6. Nxd4 a6 7. Qc2 b6 8. e3 Bb7 9. f3 Be7 10. Bd3 h6 11. Bh4 d6 12. 0-0 Nbd7 13. b4 Rc8 14. Qb3 Qc7 15. f4 d5 16. Qb2 dxc4 17. Bc2 0-0 18. b5 a5 19. e4 Bc5 20. Rad1 Ng4 21. Rf3 e5 22. fxe5 Qxe5 23. Bg3 Bxd4+ 0-1

[Event "Moscow-ch sf"]
[Site "Moscow"]
[Date "2010.03.09"]
[Round "3"]
[White "Akunka, Dmitry"]
[Black "Morozov, Grigory"]
[Result "0-1"]
[WhiteElo "2025"]
[BlackElo "2342"]
[PlyCount "171"]
[EventDate "2010.03.06"]
[EventType "swiss"]
[EventRounds "9"]
[EventCountry "RUS"]
[SourceTitle "CBM 135 Extra"]
[Source "ChessBase"]
[SourceDate "2010.05.04"]
[SourceVersion "1"]
[SourceVersionDate "2010.05.04"]
[SourceQuality "1"]

1. e4 e6 2. d4 d5 3. Nc3 Bb4 4. e5 b6 5. a3 Bf8 6. f4 Ba6 7. Bxa6 Nxa6 8. Qd3 Qc8 9. f5 exf5 10. Nxd5 c6 11. Ne3 Ne7 12. Ne2 Nc7 13. 0-0 g6 14. Nc4 Ned5 15. Nd6+ Bxd6 16. exd6 Ne6 17. c4 Nf6 18. b4 0-0 19. d5 cxd5 20. cxd5 Ng7 21. Bb2 Ne4 22. Qd4 f6 23. g4 Nxd6 24. g5 Ne4 25. gxf6 Nxf6 26. Rac1 Qe8 27. Nf4 Rc8 28. d6 Rf7 29. d7 Nxd7 30. Rce1 Qd8 31. Ne6 Qe7 32. Nxg7 Qg5+ 33. Kh1 Rc2 34. Re8+ Nf8 35. Qd5 Qd2 36. Rxf8+ Kxf8 37. Qa8+ Ke7 38. Qe8+ Kd6 39. Qe6+ Kc7 40. Qxf7+ Kc8 41. Qe6+ Kb7 42. Qe7+ Ka6 43. b5+ Kxb5 44. Qe5+ Ka6 45. Qg3 Rxb2 46. Ne8 Qd5+ 47. Qf3 Qe5 48. Qd3+ Ka5 49. Qg3 Qxg3 50. hxg3 Rb3 51. Kg2 Rxa3 52. Nf6 h5 53. Nd7 b5 54. Ne5 Ka4 55. Nxg6 b4 56. Ne5 Rc3 57. Rxf5 b3 58. Rxh5 b2 59. Rh1 Rc1 60. Nd3 b1Q 61. Nxc1 Qe4+ 62. Kh2 Ka3 63. Rf1 Kb2 64. Re1 Qh7+ 65. Kg2 a5 66. Ne2 a4 67. Nf4 a3 68. Re2+ Kb3 69. Re3+ Ka4 70. Re2 Qb1 71. g4 a2 72. Rxa2+ Qxa2+ 73. Kg3 Qa3+ 74. Kh4 Qe3 75. Nh5 Qf2+ 76. Kg5 Qf3 77. Nf6 Kb5 78. Kg6 Kc6 79. g5 Kd6 80. Ne8+ Ke7 81. Nf6 Ke6 82. Kg7 Qf5 83. Nh7 Qf7+ 84. Kh8 Kf5 85. Nf6 Kg6 86. Nh7 0-1

[Event "Elista-ch 7th"]
[Site "Elista"]
[Date "2009.07.08"]
[Round "6"]
[White "Wagner, Dinara"]
[Black "Akunka, Dmitry"]
[Result "1-0"]
[WhiteElo "2058"]
[BlackElo "2029"]
[PlyCount "42"]
[EventDate "2009.07.03"]
[EventType "tourn"]
[EventRounds "9"]
[EventCountry "RUS"]
[SourceTitle "EXT 2022"]
[Source "ChessBase"]
[SourceDate "2021.10.06"]
[SourceVersion "1"]
[SourceVersionDate "2021.10.06"]
[SourceQuality "1"]

1. e4 c5 2. Nf3 Nc6 3. d4 cxd4 4. Nxd4 g6 5. Nc3 Bg7 6. Be3 Nf6 7. Bc4 Qa5 8. f3 Qb4 9. Nxc6 Qxc4 10. Nd4 a6 11. Qd2 b5 12. b3 Qc7 13. 0-0 Bb7 14. Rac1 0-0 15. Rfd1 Rac8 16. Nb1 d5 17. exd5 Nxd5 18. Bh6 Bxh6 19. Qxh6 Nf4 20. Re1 e5 21. Ne2 Nd5 1-0

[Event "Elista Chess City op 10th"]
[Site "Elista"]
[Date "2008.09.16"]
[Round "1"]
[White "Tkachenko, Georgiy"]
[Black "Akunka, Dmitry"]
[Result "1-0"]
[WhiteElo "2284"]
[BlackElo "1879"]
[PlyCount "57"]
[EventDate "2008.09.16"]
[EventType "swiss"]
[EventRounds "9"]
[EventCountry "RUS"]
[SourceTitle "CBM 126 Extra"]
[Source "ChessBase"]
[SourceDate "2008.11.05"]
[SourceVersion "1"]
[SourceVersionDate "2008.11.05"]
[SourceQuality "1"]

1. e4 c5 2. c3 d5 3. exd5 Qxd5 4. d4 Nc6 5. Nf3 Bg4 6. Be2 Nf6 7. h3 Bxf3 8. Bxf3 Qe6+ 9. Be3 Nd5 10. Qb3 0-0-0 11. 0-0 Qd7 12. Bxd5 Qxd5 13. c4 Qd6 14. dxc5 Qf6 15. Nc3 e6 16. Rad1 Be7 17. Nb5 Qe5 18. Qa3 Kb8 19. Nd6 Bxd6 20. cxd6 f5 21. Rfe1 Qf6 22. f4 g5 23. fxg5 Qf7 24. b4 f4 25. Bf2 b6 26. c5 Rhg8 27. b5 Rxg5 28. bxc6 Rdg8 29. c7+ 1-0

[Event "Pskov 5th op"]
[Site "Pskov"]
[Date "2008.06.28"]
[Round "8.11"]
[White "Akunka, Dmitry"]
[Black "Sharankov, Grigory"]
[Result "1-0"]
[WhiteElo "1885"]
[BlackElo "2229"]
[PlyCount "64"]
[EventDate "2008.06.22"]
[EventType "swiss"]
[EventRounds "9"]
[EventCountry "RUS"]
[SourceTitle "EXT 2022"]
[Source "ChessBase"]
[SourceDate "2021.10.06"]
[SourceVersion "1"]
[SourceVersionDate "2021.10.06"]
[SourceQuality "1"]

1. Nf3 e6 2. d4 d5 3. c4 c6 4. Nc3 f5 5. g3 Nf6 6. Bg2 Be7 7. 0-0 0-0 8. b3 Qe8 9. Bb2 Qh5 10. Nb1 Nbd7 11. Nbd2 g5 12. Ne5 Ng4 13. Nxg4 Qxg4 14. f3 Qh5 15. e4 f4 16. g4 Qg6 17. Re1 Bf6 18. Qc2 Qg7 19. e5 Be7 20. Bf1 Nf6 21. c5 Nd7 22. b4 Kf7 23. Bd3 Rh8 24. a4 h5 25. h3 Qh6 26. Kf1 Nf8 27. Ke2 Bd7 28. Rf1 b6 29. b5 Rc8 30. Nb3 hxg4 31. hxg4 cxb5 32. axb5 bxc5 1-0

[Event "Pskov 5th op"]
[Site "Pskov"]
[Date "2008.06.28"]
[Round "7.12"]
[White "Veltmander, Vitaliy"]
[Black "Akunka, Dmitry"]
[Result "1/2-1/2"]
[WhiteElo "2073"]
[BlackElo "1885"]
[PlyCount "71"]
[EventDate "2008.06.22"]
[EventType "swiss"]
[EventRounds "9"]
[EventCountry "RUS"]
[SourceTitle "EXT 2022"]
[Source "ChessBase"]
[SourceDate "2021.10.06"]
[SourceVersion "1"]
[SourceVersionDate "2021.10.06"]
[SourceQuality "1"]

1. d4 Nf6 2. Nf3 b6 3. e3 Bb7 4. Bd3 c5 5. c3 g6 6. Nbd2 Bg7 7. e4 d6 8. 0-0 0-0 9. b3 Nc6 10. d5 Nb8 11. Bb2 Nbd7 12. c4 Nxe4 13. Bxg7 Nxd2 14. Bxf8 Nxf3+ 15. Qxf3 Qxf8 16. Qe3 Re8 17. Rfe1 Qg7 18. a4 a5 19. f4 Bc8 20. h3 Qc3 21. Be4 Qg7 22. Ra2 Nf8 23. Rae2 e5 24. fxe5 Rxe5 25. Qf2 f5 26. Bf3 Nd7 27. Qg3 Qf6 28. Qf4 Kg7 29. h4 Rxe2 30. Rxe2 Ne5 31. g3 Bd7 32. Bg2 Nd3 33. Qe3 Ne5 34. Qc1 Nd3 35. Qe3 Ne5 36. Qf4 1/2-1/2

[Event "Pskov 5th op"]
[Site "Pskov"]
[Date "2008.06.27"]
[Round "6.12"]
[White "Akunka, Dmitry"]
[Black "Panko, Alexander"]
[Result "1/2-1/2"]
[WhiteElo "1885"]
[BlackElo "2118"]
[PlyCount "66"]
[EventDate "2008.06.22"]
[EventType "swiss"]
[EventRounds "9"]
[EventCountry "RUS"]
[SourceTitle "EXT 2022"]
[Source "ChessBase"]
[SourceDate "2021.10.06"]
[SourceVersion "1"]
[SourceVersionDate "2021.10.06"]
[SourceQuality "1"]

1. Nf3 d5 2. b3 f6 3. d4 Bg4 4. e3 Nd7 5. Bb2 e6 6. Bd3 Bd6 7. h3 Bh5 8. c4 c6 9. Nc3 f5 10. Qc2 Ngf6 11. Nd2 Ne4 12. 0-0 0-0 13. f3 Qg5 14. f4 Qg3 15. Nf3 Rf6 16. Ne2 Qg6 17. Kh2 Qe8 18. c5 Bc7 19. Bxe4 dxe4 20. Ne5 Rh6 21. Kg1 Nf6 22. Nc3 Nd5 23. Nxd5 exd5 24. b4 Qe7 25. a4 Be8 26. Qf2 Bd8 27. Bc1 Qc7 28. Bd2 Bh4 29. Qe2 Bf6 30. Bc3 Bh5 31. Qf2 Be8 32. Qe2 Bh5 33. Qf2 Be8 1/2-1/2

[Event "Pskov 5th op"]
[Site "Pskov"]
[Date "2008.06.25"]
[Round "4.7"]
[White "Tkachev, Taras"]
[Black "Akunka, Dmitry"]
[Result "1/2-1/2"]
[WhiteElo "1986"]
[BlackElo "1885"]
[PlyCount "175"]
[EventDate "2008.06.22"]
[EventType "swiss"]
[EventRounds "9"]
[EventCountry "RUS"]
[SourceTitle "EXT 2022"]
[Source "ChessBase"]
[SourceDate "2021.10.06"]
[SourceVersion "1"]
[SourceVersionDate "2021.10.06"]
[SourceQuality "1"]

1. d4 Nf6 2. c4 e6 3. Nf3 b6 4. e3 Bb7 5. Bd3 Bb4+ 6. Bd2 Qe7 7. a3 Bxd2+ 8. Nbxd2 d6 9. 0-0 Nbd7 10. b4 c5 11. Rc1 0-0 12. Qc2 Rfe8 13. Rfd1 e5 14. Be4 Nxe4 15. Nxe4 exd4 16. Neg5 g6 17. exd4 h6 18. Re1 Qf6 19. Ne4 Qf4 20. d5 Re7 21. Ng3 Rae8 22. Rxe7 Rxe7 23. Re1 Rxe1+ 24. Nxe1 Ne5 25. Ne4 Nd7 26. g3 Qe5 27. f4 Qd4+ 28. Kg2 f5 29. Nxd6 Bxd5+ 30. cxd5 Qxd5+ 31. Nf3 Qxd6 32. Qc4+ Kg7 33. bxc5 Qxc5 34. Qe6 Nf6 35. a4 Qd5 36. Qe7+ Qf7 37. Qxf7+ Kxf7 38. Ne5+ Kg7 39. Nc6 a5 40. Ne5 Nd5 41. Nc4 Kf6 42. Kf2 Ke6 43. Ke1 Kd7 44. Kd2 Kc6 45. Kc2 Kc5 46. Kb3 Kd4 47. Ne5 g5 48. Nf7 gxf4 49. gxf4 h5 50. Nd6 Ne3 51. h4 Kd5 52. Ne8 Ke4 53. Nf6+ Kxf4 54. Nxh5+ Kg4 55. Ng7 f4 56. h5 f3 57. h6 f2 58. h7 f1Q 59. h8Q Qc4+ 60. Ka3 Qc3+ 61. Ka2 Qc2+ 62. Ka1 Qxa4+ 63. Kb2 Qc2+ 64. Ka1 Qc1+ 65. Ka2 Qd2+ 66. Kb1 Qb4+ 67. Ka2 Qa4+ 68. Kb2 Nc4+ 69. Kc3 Qb4+ 70. Kd3 Ne5+ 71. Kc2 Qe4+ 72. Kb2 Qe2+ 73. Ka1 Qe1+ 74. Ka2 Kf3 75. Qh5+ Kf2 76. Qh4+ Ke2 77. Qh5+ Kd2 78. Nf5 Qe2 79. Qxe2+ Kxe2 80. Kb3 Kd3 81. Ka4 Nc4 82. Ne7 Nb2+ 83. Kb3 Nd1 84. Nc8 b5 85. Na7 a4+ 86. Kb4 a3 87. Kxa3 b4+ 88. Kxb4 1/2-1/2

[Event "RUS-chT U18"]
[Site "Sochi"]
[Date "2007.05.08"]
[Round "?"]
[White "Akunka, Dmitry"]
[Black "Prulentsov, Andrey"]
[Result "0-1"]
[WhiteElo "1825"]
[BlackElo "2107"]
[PlyCount "43"]
[EventDate "2007.05.02"]
[EventType "team-tourn"]
[EventRounds "9"]
[EventCountry "RUS"]
[SourceTitle "CBM 118 Extra"]
[Source "ChessBase"]
[SourceDate "2007.07.04"]
[SourceVersion "1"]
[SourceVersionDate "2007.07.04"]
[SourceQuality "1"]

1. c4 d6 2. Nc3 g6 3. g3 Bg7 4. Bg2 e5 5. e4 c6 6. Nge2 f5 7. d3 Nf6 8. 0-0 0-0 9. a3 a5 10. Rb1 Be6 11. Qc2 Nbd7 12. f4 h5 13. b4 axb4 14. axb4 fxe4 15. Nxe4 d5 16. Nxf6+ Rxf6 17. Be3 dxc4 18. dxc4 exf4 19. Nxf4 Bf5 20. Be4 Qe8 21. Bxf5 Qxe3+ 22. Kh1 0-1

[Event "RUS-chT U18"]
[Site "Sochi"]
[Date "2007.05.05"]
[Round "?"]
[White "Olisov, Andrey"]
[Black "Akunka, Dmitry"]
[Result "1-0"]
[WhiteElo "1866"]
[BlackElo "1825"]
[PlyCount "67"]
[EventDate "2007.05.02"]
[EventType "team-tourn"]
[EventRounds "9"]
[EventCountry "RUS"]
[SourceTitle "CBM 118 Extra"]
[Source "ChessBase"]
[SourceDate "2007.07.04"]
[SourceVersion "1"]
[SourceVersionDate "2007.07.04"]
[SourceQuality "1"]

1. e4 d5 2. exd5 Qxd5 3. Nc3 Qa5 4. d4 Nf6 5. Nf3 Bg4 6. h3 Bxf3 7. Qxf3 c6 8. Bd3 e6 9. 0-0 Nbd7 10. Be3 Bd6 11. a3 Qc7 12. Qd1 e5 13. Ne2 0-0 14. c3 Rfe8 15. Qc2 b5 16. dxe5 Nxe5 17. Bf5 c5 18. Bg5 Ned7 19. Rad1 h6 20. Bh4 g5 21. Bg3 Ne5 22. h4 Nc4 23. hxg5 hxg5 24. Qc1 Nh5 25. Qxg5+ Ng7 26. Nf4 Be7 27. Qxg7+ Kxg7 28. Nh5+ Kh6 29. Bxc7 Kxh5 30. b3 Nxa3 31. Bf4 Bg5 32. g4+ Kh6 33. Rd6+ f6 34. Rxf6+ 1-0